000 00583nam a2200193 a 4500
001 3479
005 20140414132001.0
008 040603s19uu xx 00 eng d
020 _a0-385-14252-8
050 _aTR 796.1
_bG43 1986
100 _aGlazer, Tom
245 _aMusic for ones and twos :
_bsongs and games for the very young child /
_cTom Glazer ; illustrated by Karen Ann Weinhaus.
260 _aNew York :
_bDoublday,
_c1986.
300 _a96 p. : ill. ; cm.
650 _aSinging games.
650 _aChildren's songs.
650 _aNursery rhymes.
999 _c113078
_d113078